| 000 | 00672nam a2200217Ia 4500 | ||
|---|---|---|---|
| 008 | 140110s9999 xx 000 0 und d | ||
| 020 |
_a9780140443127 _cRs.599.00 |
||
| 040 | _aLoreto College | ||
| 041 | _aEnglish | ||
| 082 |
_a842/COR _bLCLIB/47999 |
||
| 100 | _aCorneille, Pierre | ||
| 245 | 4 |
_aThe Cid/Cinna/the theatrical illusion _cPierre Corneille. Translated and introduction by John Cairncross |
|
| 260 |
_aLondon _bPenguin Books _c1975 |
||
| 300 | _a281p. | ||
| 440 | _aPenguin Classics | ||
| 650 | _aFrench literature-drama | ||
| 651 | _aDrama-French-Translated in English | ||
| 700 | _aCairncross, John, tr. | ||
| 850 | _aLCLIB/842/COR | ||
| 942 | _cBK | ||
| 999 |
_c36580 _d87059 |
||